000 01349nam a2200361 a 4500
001 ebr10386882
003 CaPaEBR
006 m u
007 cr cn|||||||||
008 070806s2009 enk s 000 0 eng
010 _z 2007032311
015 _aGBA861902
_2bnb
016 7 _z014602154
_2Uk
020 _z9781845531638 (hb)
020 _z1845531639 (hb)
020 _z9781845531645 (pbk.)
020 _z1845531647 (pbk.)
040 _aCaPaEBR
_cCaPaEBR
035 _a(OCoLC)647929434
050 1 4 _aBS511.3
_b.F74 2009eb
100 1 _aFreed, Edwin D.
245 1 4 _aThe Bible says so!
_h[electronic resource] :
_bfrom simple answers to insightful understanding /
_cEdwin D. Freed, Jane F. Roberts.
260 _aLondon ;
_aOakville, CT :
_bEquinox Pub. Ltd.,
_c2009.
300 _axix, 267 p.
490 1 _aBibleWorld
533 _aElectronic reproduction.
_bPalo Alto, Calif. :
_cebrary,
_d2013.
_nAvailable via World Wide Web.
_nAccess may be limited to ebrary affiliated libraries.
630 0 0 _aBible
_xCriticism, interpretation, etc.
655 7 _aElectronic books.
_2local
700 1 _aRoberts, Jane F.
710 2 _aebrary, Inc.
830 0 _aBible world (London, England)
856 4 0 _uhttp://site.ebrary.com/lib/rucke/Doc?id=10386882
_zAn electronic book accessible through the World Wide Web; click to view
999 _c101207
_d101207